<?xml version="1.0" encoding="UTF-8"?>
<record
    xmlns:xsi="http://www.w3.org/2001/XMLSchema-instance"
    xsi:schemaLocation="http://www.loc.gov/MARC21/slim http://www.loc.gov/standards/marcxml/schema/MARC21slim.xsd"
    xmlns="http://www.loc.gov/MARC21/slim">

  <leader>00596nam a22002417a 4500</leader>
  <controlfield tag="003">UA-OsUOA</controlfield>
  <controlfield tag="001"> 22836 </controlfield>
  <controlfield tag="007">ta</controlfield>
  <controlfield tag="008">20031225b un ||||| |||| 00| 0 ukr d</controlfield>
  <datafield tag="100" ind1=" " ind2=" ">
    <subfield code="a">&#x411;&#x456;&#x43B;&#x435;&#x43D;&#x43A;&#x43E; &#x422;.</subfield>
  </datafield>
  <datafield tag="090" ind1=" " ind2=" ">
    <subfield code="a">2 (091)(477)</subfield>
    <subfield code="b">&#x411;11</subfield>
  </datafield>
  <datafield tag="942" ind1=" " ind2=" ">
    <subfield code="c">BK</subfield>
  </datafield>
  <datafield tag="040" ind1=" " ind2=" ">
    <subfield code="a">UA-OsUOA</subfield>
    <subfield code="b">ukr</subfield>
    <subfield code="c">UA-OsUOA</subfield>
    <subfield code="d">UA-OsUOA</subfield>
  </datafield>
  <datafield tag="245" ind1=" " ind2=" ">
    <subfield code="a">&#x424;&#x435;&#x43D;&#x43E;&#x43C;&#x435;&#x43D; &#x441;&#x43B;&#x43E;&#x432;&#x430; &#x432; &#x445;&#x440;&#x438;&#x441;&#x442;&#x438;&#x44F;&#x43D;&#x441;&#x44C;&#x43A;&#x43E;&#x43C;&#x443; &#x43A;&#x443;&#x43B;&#x44C;&#x442;&#x456; &#x423;&#x43A;&#x440;&#x430;&#x457;&#x43D;&#x438;</subfield>
  </datafield>
  <datafield tag="300" ind1=" " ind2=" ">
    <subfield code="a">94 &#x441;.</subfield>
  </datafield>
  <datafield tag="955" ind1=" " ind2=" ">
    <subfield code="a">0</subfield>
  </datafield>
  <datafield tag="041" ind1=" " ind2=" ">
    <subfield code="a">ukr</subfield>
  </datafield>
  <datafield tag="080" ind1=" " ind2=" ">
    <subfield code="a">2 (091)(477)</subfield>
  </datafield>
  <datafield tag="260" ind1=" " ind2=" ">
    <subfield code="a">&#x414;&#x440;&#x43E;&#x433;&#x43E;&#x431;&#x438;&#x447;</subfield>
    <subfield code="c">1993</subfield>
  </datafield>
  <datafield tag="044" ind1=" " ind2=" ">
    <subfield code="a">UA</subfield>
  </datafield>
  <datafield tag="650" ind1=" " ind2="7">
    <subfield code="2">UDC</subfield>
  </datafield>
  <datafield tag="999" ind1=" " ind2=" ">
    <subfield code="c">309066</subfield>
    <subfield code="d">309066</subfield>
  </datafield>
  <datafield tag="952" ind1=" " ind2=" ">
    <subfield code="0">0</subfield>
    <subfield code="1">0</subfield>
    <subfield code="2">udc</subfield>
    <subfield code="4">0</subfield>
    <subfield code="7">0</subfield>
    <subfield code="a">101</subfield>
    <subfield code="b">101</subfield>
    <subfield code="d">2006-07-14</subfield>
    <subfield code="i">38564</subfield>
    <subfield code="l">0</subfield>
    <subfield code="o">2 (091)(477) &#x411;11</subfield>
    <subfield code="p">38564</subfield>
    <subfield code="r">2022-06-23 00:00:00</subfield>
    <subfield code="w">2003-12-25</subfield>
    <subfield code="y">BK</subfield>
  </datafield>
  <datafield tag="952" ind1=" " ind2=" ">
    <subfield code="0">0</subfield>
    <subfield code="1">0</subfield>
    <subfield code="2">udc</subfield>
    <subfield code="4">0</subfield>
    <subfield code="7">0</subfield>
    <subfield code="a">101</subfield>
    <subfield code="b">101</subfield>
    <subfield code="d">2006-07-11</subfield>
    <subfield code="i">38572</subfield>
    <subfield code="l">0</subfield>
    <subfield code="o">2 (091)(477) &#x411;11</subfield>
    <subfield code="p">38572</subfield>
    <subfield code="r">2022-06-23 00:00:00</subfield>
    <subfield code="w">2003-12-25</subfield>
    <subfield code="y">BK</subfield>
  </datafield>
  <datafield tag="952" ind1=" " ind2=" ">
    <subfield code="0">0</subfield>
    <subfield code="1">0</subfield>
    <subfield code="2">udc</subfield>
    <subfield code="4">0</subfield>
    <subfield code="7">0</subfield>
    <subfield code="a">102</subfield>
    <subfield code="b">102</subfield>
    <subfield code="d">2003-12-25</subfield>
    <subfield code="g">7.00</subfield>
    <subfield code="i">63314</subfield>
    <subfield code="l">0</subfield>
    <subfield code="o">2 (091)(477) &#x411;11</subfield>
    <subfield code="p">63314</subfield>
    <subfield code="r">2022-02-07 00:00:00</subfield>
    <subfield code="w">2003-12-25</subfield>
    <subfield code="y">BK</subfield>
  </datafield>
  <datafield tag="952" ind1=" " ind2=" ">
    <subfield code="0">0</subfield>
    <subfield code="1">0</subfield>
    <subfield code="2">udc</subfield>
    <subfield code="4">0</subfield>
    <subfield code="7">0</subfield>
    <subfield code="a">102</subfield>
    <subfield code="b">102</subfield>
    <subfield code="d">2003-12-25</subfield>
    <subfield code="g">25.00</subfield>
    <subfield code="i">63315</subfield>
    <subfield code="l">0</subfield>
    <subfield code="o">2 (091)(477) &#x411;11</subfield>
    <subfield code="p">63315</subfield>
    <subfield code="r">2022-02-07 00:00:00</subfield>
    <subfield code="w">2003-12-25</subfield>
    <subfield code="y">BK</subfield>
  </datafield>
  <datafield tag="952" ind1=" " ind2=" ">
    <subfield code="0">0</subfield>
    <subfield code="1">0</subfield>
    <subfield code="2">udc</subfield>
    <subfield code="4">0</subfield>
    <subfield code="7">0</subfield>
    <subfield code="a">102</subfield>
    <subfield code="b">102</subfield>
    <subfield code="d">2003-12-25</subfield>
    <subfield code="g">3.00</subfield>
    <subfield code="i">63316</subfield>
    <subfield code="l">0</subfield>
    <subfield code="o">2 (091)(477) &#x411;11</subfield>
    <subfield code="p">63316</subfield>
    <subfield code="r">2022-02-07 00:00:00</subfield>
    <subfield code="w">2003-12-25</subfield>
    <subfield code="y">BK</subfield>
  </datafield>
</record>
